| 000 | 00635nam a2200169 a 4500 | ||
|---|---|---|---|
| 005 | 20140414131852.0 | ||
| 008 | 100806s19uu xx 00 eng d | ||
| 050 |
_aER _bGr786 1995 |
||
| 100 | _aZoehfeld, Kathleen Weidner. | ||
| 245 |
_aGreat white shark, ruler of the sea. / _cby Kathleen Weidner Zoehfeld ; illustrated by Steven James Petruccio. |
||
| 250 | _a1st ed. | ||
| 260 |
_aNorwalk, CT : _bSoundprints, _c1995. |
||
| 500 | _a"Smithsonian Oceanic Collection" | ||
| 520 | _aTwo-day-old White Shark uses her instincts and keen sense of smell to hunt for food. | ||
| 650 | _aWhite shark --Juvenile fiction. | ||
| 999 |
_c110270 _d110270 |
||